000 00919nam0a22002891 4500
001 RU\INFOCOMM_317\NLR\5000031316
005 20250614081043.0
035 _a(NLR Aleph) 010625804
090 _a10618601
_c10618601
100 _a20130328d1978 |||y0rusy50 ca
101 0 _ager
102 _aRU
105 _ay z||||
200 1 _aBlick in die Zukunft
_fGeorgi Schachnasarow
210 _aM.
_cAPN-Verl.
_d1978
215 _a78 с.
_d17 см
300 _aВ вып. дан.: Г. Шахназаров. Взгляд в будущее
606 0 _aОбщественный прогресс
_2nlr_sh1
620 _aМосква
686 _aА550.4
_2rubbk
700 1 _9z01790
_aŠachnazarov
_bG. Ch.
_f1924-
_gGeorgij Chosroevič
790 1 _9z01700
_aSchachnasarow
_bG.
_gGeorgi
_4070
801 1 _aRU
_bInfocomm
_c20130328
801 0 _aRU
_bINFOCOMM
_gPSBO
852 _aNLR
_jД01 Д-2/79
942 _cBOOK
980 _aNB